000 00646cam a2200229 i 4500
001 4139420
005 20180206035108.0
008 781024s1979 nyu b 001 0 eng
010 _a 77020413
020 _z0465040493
020 _a0465040411 (pbk.)
040 _aDLC
_cDLC
_dDLC
041 _aeng
080 _a301.1832
082 0 0 _a301.1832 KAN
100 _a54
101 _aMNG
245 0 0 _aLife in organizations :
_cRosabeth Moss Kanter and Barry A. Stein, editors.
504 _aBibliography: p. [429]-431.
906 _a7
_bcbc
_corignew
_d1
_eocip
_f19
_gy-gencatlg
942 _2ddc
_cBK
999 _c41863
_d41863